| 000 | 00519nam a22001817a 4500 | ||
|---|---|---|---|
| 003 | OSt | ||
| 005 | 20140310182024.0 | ||
| 008 | 130802t xxu||||| |||| 00| 0 eng d | ||
| 020 | _a9780752509969 | ||
| 050 |
_aPZ 7 _b.B661 1996 |
||
| 082 |
_aKF _bB62sc 1996 |
||
| 100 |
_aBlyton, Enid _94844 |
||
| 245 |
_aSecrets : _bthe secret mountain and the secret of kilimooin / _cEnid Blyton |
||
| 260 |
_aHammersmith, London : _bDiamond Books, _cc1996. |
||
| 300 |
_a282 p : _c18 cm. |
||
| 942 |
_2lcc _cBK-KF _kKF |
||
| 999 |
_c8441 _d8441 |
||